Shrek Quiz - Statistics

General Stats
  • This quiz has been taken 4,836 times
  • The average score is 9 of 11
Answer Stats
Hint Answer % Correct
Who is shrek's best friend? donkey
99%
Who does Shrek fall in love with? Fiona
99%
What creature does Donkey fall in love with? the dragon
98%
Where does shrek live? the swamp
96%
According the Shrek, how are ogores like onions? they have layers
86%
What does Shrek use to make his candle for dinner? earwax
79%
Who was the voice of Donkey? Eddie Murphy
77%
What do they blow up as a balloon? a snake and a frog
74%
Who was Fiona originally going to marry? Lord Farquaad
70%
What band sang both the first and last song in the movie? Smash Mouth
67%
Where does Princess Fiona spend her first night after being rescued? a cave
59%
No matching quizzes found
Score Distribution
Percent of People with Each Score
Percentile by Number Answered
Your Score History
You have not taken this quiz